000 00467nam a2200181 a 4500
001 1761486480495
003 ACL
005 20251026192010.0
008 251026s2008##################000#0#eng##
020 _a9781599181646
082 0 4 _a658.870023
_bOMA
100 1 _aO'Malley, Stephanie,
_eauthor.
245 1 0 _aStart Your Retail Career :
260 _bEntrepreneur Press,
_c2008.
650 0 _aBusiness & Economics.
942 _cENGLISH
040 _aACL
_beng
_cACL
999 _c594030
_d594030